| 000 | 00357 a2200169 4500 | ||
|---|---|---|---|
| 001 | 176704 | ||
| 020 | _a85-06-01663-0 | ||
| 040 | _cMagnum | ||
| 100 | _aAzevedo, Vera Christina Castro de | ||
| 240 | 1 | 0 |
_aObjetos _lpor |
| 245 | 1 | 0 | _aObjetos |
| 300 | _a16 | ||
| 362 | 0 | _a1996 | |
| 440 | 1 | _aMelhoramentos | |
| 697 | _aLITERATURA INFANTIL | ||
| 942 | _cBK | ||
| 999 |
_c176704 _d176704 |
||